Az alkoholfogyasztás alakulása az adómértékek változásainak tükrében Magyarországon az ezredfordulót követően

Bibliográfiai részletek
Szerző: Rozmán Gabriella
További közreműködők: Forgács Dr. Anna
Dokumentumtípus: Diplomadolgozat
Kulcsszavak:Alkoholfogyasztás
Szeszesitalok
Jövedéki adó
Magyarország
Online Access:http://dolgozattar.uni-bge.hu/404

MARC

LEADER 00000nta a2200000 i 4500
001 dolg404
005 20151201104435.0
008 150305suuuu hu om 000 hun d
040 |a BGE Dolgozattár Repozitórium  |b hun 
041 |a hu 
100 1 |a Rozmán Gabriella 
245 1 3 |a Az alkoholfogyasztás alakulása az adómértékek változásainak tükrében Magyarországon az ezredfordulót követően  |c Rozmán Gabriella  |h [elektronikus dokumentum] 
695 |a Alkoholfogyasztás 
695 |a Szeszesitalok 
695 |a Jövedéki adó 
695 |a Magyarország 
700 1 |a Forgács Dr. Anna  |e ths 
856 4 0 |u http://dolgozattar.uni-bge.hu/404/1/Szakdolgozat.pdf  |z Dokumentum-elérés